LEADER 01334nam 2200385Ia 450 001 996397689303316 005 20200818213105.0 035 $a(CKB)4940000000065441 035 $a(EEBO)2240917911 035 $a(UnM)99895594e 035 $a(UnM)99895594 035 $a(EXLCZ)994940000000065441 100 $a19941119d1651 uy | 101 0 $aeng 135 $aurbn||||a|bb| 200 14$aThe saints rest: or Their happy sleep in death$b[electronic resource] $eAs it was delivered in a sermon at Aldermanbury London, Aug 24. 1651. By Edmund Calamy B.D 210 $aLondon $cprinted by A. Miller dwelling in Black-Friers$d1651 215 $a[2], 19, [1] p 300 $aA funeral sermon for Christopher Love. 300 $aA variant of the edition with "printed by A.M." in imprint. 300 $aReproduction of original in the Henry E. Huntington Library. 330 $aeebo-0113 606 $aSermons, English$y17th century 606 $aFuneral sermons$y17th century 615 0$aSermons, English 615 0$aFuneral sermons 700 $aCalamy$b Edmund$f1600-1666.$01002065 801 0$bCu-RivES 801 1$bCu-RivES 801 2$bCStRLIN 801 2$bWaOLN 906 $aBOOK 912 $a996397689303316 996 $aThe saints rest: or Their happy sleep in death$92368239 997 $aUNISA LEADER 05907oam 2200961 c 450 001 9910683398403321 005 20260302090207.0 010 $a9783966659727 010 $a3966659727 024 3 $a9783966659727 035 $a(CKB)4100000011610021 035 $a(MiAaPQ)EBC6402707 035 $a(Au-PeEL)EBL6402707 035 $a(OCoLC)1224361325 035 $a(Budrich Academic Press)9783966659727 035 $a(Perlego)2690710 035 $a(Barbara Budrich Academic Press GmbH)9783966659727 035 $a(EXLCZ)994100000011610021 100 $a20260302h20202021 uy 0 101 0 $ager 135 $aurcnu|||||||| 181 $ctxt$2rdacontent 182 $cc$2rdamedia 183 $acr$2rdacarrier 200 10$aPille Macht Diskurs $eHormonelle Kontrazeption im (post-)fordistischen Sexualitätsdispositiv /$fKris Vera Hartmann 205 $a1st ed. 210 $aLeverkusen$cBarbara Budrich Academic Press GmbH$d2020 210 $d2020, c2021 215 $a1 online resource (238 pages) 311 08$a9783966650205 311 08$a3966650207 327 $aI. EINLEITUNG I.1 Die Pille ? zwischen Unbehagen und Normalität I.2 Macht und Widerstand I.3 Die Pille im Zentrum des Sexualitätsdispositivs I.4 Zur Dispositivanalytischen Forschungsperspektive I.5 Empirisches Vorgehen I.6 Aufbau der Arbeit II. THEORETISCHE UND HISTORISCHE GRUNDLAGEN II.1 Vom Fordismus zum Postfordismus II.1.1 Fordismus II.1.2 Krise des Fordismus II.1.3 Postfordismus II.1.4 Fazit II.2 Bevölkerungsdiskurse und Biopolitik II.2.1 Malthus II.2.2 Neomalthusianismus und selektive Bevölkerungspolitik II.2.3 Der Überbevölkerungsdiskurs nach 1945 II.2.4 Fazit II.3 Geschichte der Pille als materielles Objekt II.3.1 Anfänge der modernen Verhütung II.3.2 Hormone II.3.3 Die Geburt der Pille II.3.4 Fazit II.4 Materielle Wirkung II.4.1 Biochemische Zusammenhänge II.4.2 Verpackung II.4.3 Fazit III. WESTDEUTSCHE PILLENDISKURSE VON 1958 BIS 1989/1990 III.1 Von der konservativen Abwehr zur liberalen Akzeptanz III.1.1 Der Kampf um die Pille (ca. 1958-1966) III.1.2 Die Pille in der Sexwelle (ab ca. 1966) III.1.3 Die Normalisierung der Pille (ab ca. 1968) III.1.4 Die Pille im Gegendiskurs der Frauenbewegung (ab 1968) III.1.5 Fazit III.2 Überbevölkerung III.2.1 Die Vermehrung der Anderen III.2.2 Kritische Perspektiven III.2.3 Fazit III.3 Befreiung der Sexualität III.3.1 Psychoanalytische Repressionsdiskurse: Freud und Reich III.3.2 Befreiung der Sexualität durch die Pille III.3.3 Fazit III.4 Medizin und Medizinkritik III.4.1 Die Medizin als Autorität III.4.2 Die schwankende Autorität III.4.3 Kritik der Autorität III.4.4 Fazit III.5 Von der übermäßig fruchtbaren Frau zur informierten Patientin III.5.1 Die übermäßig Fruchtbare III.5.2 Die Hilfsbedürftige III.5.3 Das heterosexuelle Sexobjekt III.5.4 Die Feministin III.5.5 Die informierte Patientin III.5.6 Fazit IV. DIE PILLE IM (POST-) FORDISTISCHEN SEXUALITÄTSDISPOSITIV IV.1 Diskursverhältnisse IV.2 Machtverhältnisse IV.2.1 Ökonomische, politische und medizinische Regulierung von Generativität IV.2.2 Sexualisierung des ?jungen Mädchens? IV.2.3 Normalisierung der weiblichen Heterosexualität IV.2.4 Transformierte Hysterisierung der Frauen IV.3 Postfordistische Neustrukturierungen V. SCHLUSS V.1 Zusammenfassung ? Die Polyvalenz des Dispositivs V.2 Forschungsperspektiven 330 $aWie hat sich die Anti-Baby-Pille in Deutschland von einer politisierten zu einer normalisierten Technik entwickelt? Die Autorin untersucht vielfältige historische Diskurse um die Pille in der BRD von 1958 bis 1989 und analysiert, wie die Pille als materielle Objektivation in gesellschaftliche Machtverhältnisse, Normierungsbestrebungen sowie Emanzipationsvorstellungen verstrickt war. How has the contraceptive pill developed in Germany from a politicized to a normalized technology? The author examines a wide range of historical discourses on the pill in the FRG from 1958 to 1989 and analyzes how the pill, as a material objectivation, helped shape social power relations, standardization efforts, and ideas of emancipation. 606 $acontraception 606 $aGeburtenkontrolle 606 $aAnti-Baby-Pille 606 $abirth control 606 $acontraceptive pill 606 $aPille 606 $aFrauenbewegung 606 $awomen?s movement 606 $aneo malthusianism 606 $aNeomalthusianismus 606 $abio politics 606 $aBiopolitik 606 $aBiomacht 606 $adiscourse analysis 606 $adipositive analysis 606 $aDiskursanalyse 606 $aDispositivanalyse 606 $afordism 606 $aFordismus 606 $apostfordism 606 $aRegulationsansatz 615 4$acontraception 615 4$aGeburtenkontrolle 615 4$aAnti-Baby-Pille 615 4$abirth control 615 4$acontraceptive pill 615 4$aPille 615 4$aFrauenbewegung 615 4$awomen?s movement 615 4$aneo malthusianism 615 4$aNeomalthusianismus 615 4$abio politics 615 4$aBiopolitik 615 4$aBiomacht 615 4$adiscourse analysis 615 4$adipositive analysis 615 4$aDiskursanalyse 615 4$aDispositivanalyse 615 4$afordism 615 4$aFordismus 615 4$apostfordism 615 4$aRegulationsansatz 700 $aHartmann$b Kris Vera$cDr.$4aut$01347980 801 0$bMiAaPQ 801 1$bMiAaPQ 801 2$bMiAaPQ 906 $aBOOK 912 $a9910683398403321 996 $aPille Macht Diskurs$93085075 997 $aUNINA